| 000 | 00883nam a22003137a 4500 | ||
|---|---|---|---|
| 001 | BR0303537 | ||
| 003 | BR-BrBNA | ||
| 005 | 20230928101332.0 | ||
| 007 | ta | ||
| 008 | 230509b bl.||||| |||| 00| 0 por d | ||
| 040 |
_aBR-BrBNA _bpor _cBiblioteca Nacional de Agricultura |
||
| 041 | _a(Por) | ||
| 072 |
_aL01 _b7100 |
||
| 090 | _ 7100 BR0303537 | ||
| 100 | 1 | _aFreitas, B.M. | |
| 100 | 1 | _aOliveira Filho, J.H. de | |
| 110 | 1 | _aBanco do Nordeste do Brasil S.A., Fortaleza, CE (Brasil) | |
| 245 | 1 | _aCriação racional de mamangavas para polinização em áreas agrícolas | |
| 260 | 3 |
_aFortaleza, CE (Brasil): _c2001. |
|
| 300 | _a96 p. | ||
| 500 | _aBibliography p. 92-96; 19 illus. | ||
| 650 | _aABELHA | ||
| 650 | _aPOLINIZAÇÃO | ||
| 650 | _aMARACUJÁ | ||
| 650 | _aAPICULTURA | ||
| 650 | _aCOLMÉIA | ||
| 909 |
_a202309 _bLucia _c55 _dLucia Elande |
||
| 942 | _cBK | ||
| 999 |
_c65318 _d65318 |
||